000 00339nam a22001457a 4500
003 OSt
008 250509b |||||||| |||| 00| 0 eng d
100 _aSHASTRI, Acharya Chandershekhar
245 _aPrerna k Phool
250 _a22th
260 _aNew Delhi
_bArya Prakashan
_c2022
300 _a64
650 _aGeneral
942 _2ddc
_cBK
999 _c13568
_d13568